Riddles are fun fun fun ! Quiz Stats

 Plays Quiz not verified by Sporcle

Challenge
Share
Tweet
Embed
Score 0/5 Timer 10:00
0 Plays Today
riddle me this! 2012 % Correct
what dries while it gets wet???
92.5%
I am pronounced as one letter, but written with three. I am the same front to back, look with me and see. What am I????
74.6%
???
35.8%
I can point the way when I am full. When empty, nothing moves me. I have two skins; one without and one within. What am I? ???
11.9%
What is black and white and black and white and black and white and black and white and black and white? ???
1.5%

You're not logged in!

Compare scores with friends on all Sporcle quizzes.
OR
Log In

You Might Also Like...

Show Comments

Extras

Created Apr 30, 2012ReportNominate
Tags:good

Top Quizzes Today


Score Distribution

Your Account Isn't Verified!

In order to create a playlist on Sporcle, you need to verify the email address you used during registration. Go to your Sporcle Settings to finish the process.

Report this User

Report this user for behavior that violates our Community Guidelines.

Details: